Polaks and Mahatma Gandhi: A unique relationship (Record no. 5371)

MARC details
000 -LEADER
fixed length control field 00486nam a2200169Ia 4500
008 - FIXED-LENGTH DATA ELEMENTS--GENERAL INFORMATION
fixed length control field 230917s9999||||xx |||||||||||||| ||und||
020 ## - ISBN
Price RS 750.00
040 ## - CATALOGING SOURCE
-- 5011380
Original cataloging agency VIVEKANANDA LIBRARY
041 ## - Language
-- English
082 ## - DDC NUMBER
Classification number 968.049 S18P
100 ## - MAIN ENTRY--PERSONAL NAME
Personal name Shankar, Prabha Ravi
245 #0 - TITLE STATEMENT
Title Polaks and Mahatma Gandhi: A unique relationship
260 ## - PUBLICATION, DISTRIBUTION, ETC. (IMPRINT)
Place of publication, distribution, etc New Delhi
Name of publisher, distributor, etc Promilla and Co. Publishers
Date of publication, distribution, etc 2020
300 ## - PHYSICAL DESCRIPTION
Pages 387 p.
500 ## - GENERAL NOTE
General note 4512 28/01/2022 HBD22/9224 28/01/2022 Main Budget
942 ## - ADDED ENTRY ELEMENTS (KOHA)
Koha item type Books
Holdings
Withdrawn status Lost status Damaged status Not for loan Location (home branch) Sublocation or collection (holding branch) Date acquired Koha issues (times borrowed) Koha full call number Accession No. Koha date last seen Koha item type
        VIVEKANANDA LIBRARY VIVEKANANDA LIBRARY 25/03/2022   968.049 S18P 400080 17/09/2023 Books
© Designed and Maintained by Vivekananda Library, MDU Rohtak